000 00621nam a2200229Ia 4500
003 OSt
005 20220918201600.0
006 a|||||r|||| 00| 0
007 ta
008 220917b |||||||| |||| 00| 0 eng d
024 _a94,966
037 _cTextual
040 _aARTS
_cARTS
_beng
041 _2eng
_aeng
082 _aV1N45:30T, L3
100 _aAbraham Herbert J
_999618
245 0 _aWorld problems in the classroom
_b teacher guide to some United Nations tasks
260 _c1973
650 _aHISTORY
942 _hV1N45:30T, L3
_cTEXL
_2CC
999 _c218591
_d218591